<?xml version="1.0" encoding="UTF-8"?>
<record
    xmlns:xsi="http://www.w3.org/2001/XMLSchema-instance"
    xsi:schemaLocation="http://www.loc.gov/MARC21/slim http://www.loc.gov/standards/marcxml/schema/MARC21slim.xsd"
    xmlns="http://www.loc.gov/MARC21/slim">

  <leader>00813nam a22002057a 4500</leader>
  <controlfield tag="005">20231123153110.0</controlfield>
  <controlfield tag="008">231122b           ||||| |||| 00| 0 eng d</controlfield>
  <datafield tag="040" ind1=" " ind2=" ">
    <subfield code="c">AL</subfield>
  </datafield>
  <datafield tag="041" ind1=" " ind2=" ">
    <subfield code="a">kan</subfield>
  </datafield>
  <datafield tag="082" ind1=" " ind2=" ">
    <subfield code="2">23</subfield>
    <subfield code="a">K894.4</subfield>
    <subfield code="b">BHAS</subfield>
  </datafield>
  <datafield tag="100" ind1=" " ind2=" ">
    <subfield code="a">B Bhaskara Rao: &#xCAC;&#xCBF; &#xCAD;&#xCBE;&#xCB8;&#xCCD;&#xC95;&#xCB0; &#xCB0;&#xCBE;&#xCB5;&#xCCD; </subfield>
    <subfield code="9">143185</subfield>
  </datafield>
  <datafield tag="245" ind1=" " ind2=" ">
    <subfield code="a">Sarvakaalika: Samskratika barahagala Sangraha</subfield>
    <subfield code="b">&#xCB8;&#xCBE;&#xCB0;&#xCCD;&#xCB5;&#xC95;&#xCBE;&#xCB2;&#xCBF;&#xC95;: &#xCB8;&#xCBE;&#xC82;&#xCB8;&#xCCD;&#xC95;&#xCCD;&#xCB0;&#xCA4;&#xCBF;&#xC95; &#xCAC;&#xCB0;&#xCB9;&#xC97;&#xCB3; &#xCB8;&#xC82;&#xC97;&#xCCD;&#xCB0;&#xCB9; Vol 1</subfield>
  </datafield>
  <datafield tag="260" ind1=" " ind2=" ">
    <subfield code="a">Mandya </subfield>
    <subfield code="b">Srajana Prakashana</subfield>
    <subfield code="c">2022</subfield>
  </datafield>
  <datafield tag="300" ind1=" " ind2=" ">
    <subfield code="a">xiv,478p.</subfield>
    <subfield code="b">PB</subfield>
    <subfield code="c">21x14cm.</subfield>
  </datafield>
  <datafield tag="440" ind1=" " ind2=" ">
    <subfield code="n">Vol 1</subfield>
    <subfield code="9">143022</subfield>
  </datafield>
  <datafield tag="650" ind1=" " ind2=" ">
    <subfield code="a">Kannada Prose: &#xC95;&#xCA8;&#xCCD;&#xCA8;&#xCA1; &#xC97;&#xCA6;&#xCCD;&#xCAF; </subfield>
    <subfield code="9">143133</subfield>
  </datafield>
  <datafield tag="650" ind1=" " ind2=" ">
    <subfield code="a">Collection of Cultural Articles</subfield>
    <subfield code="9">143186</subfield>
  </datafield>
  <datafield tag="700" ind1=" " ind2=" ">
    <subfield code="a">RAO (B Bhaskara): &#xCB0;&#xCBE;&#xCB5;&#xCCD; (&#xCAC;&#xCBF; &#xCAD;&#xCBE;&#xCB8;&#xCCD;&#xC95;&#xCB0;)</subfield>
    <subfield code="9">143024</subfield>
  </datafield>
  <datafield tag="942" ind1=" " ind2=" ">
    <subfield code="2">ddc</subfield>
    <subfield code="c">DB</subfield>
  </datafield>
  <datafield tag="999" ind1=" " ind2=" ">
    <subfield code="c">229277</subfield>
    <subfield code="d">229277</subfield>
  </datafield>
  <datafield tag="952" ind1=" " ind2=" ">
    <subfield code="0">0</subfield>
    <subfield code="1">0</subfield>
    <subfield code="2">ddc</subfield>
    <subfield code="4">0</subfield>
    <subfield code="7">0</subfield>
    <subfield code="8">KAN</subfield>
    <subfield code="a">AL</subfield>
    <subfield code="b">AL</subfield>
    <subfield code="d">2023-11-21</subfield>
    <subfield code="g">450.00</subfield>
    <subfield code="l">0</subfield>
    <subfield code="o">K894.4 BHAS</subfield>
    <subfield code="p">D06104</subfield>
    <subfield code="r">2023-11-22 00:00:00</subfield>
    <subfield code="v">450.00</subfield>
    <subfield code="w">2023-11-22</subfield>
    <subfield code="y">DB</subfield>
  </datafield>
</record>
